000 00614nam a2200241Ia 4500
003 OSt
005 20221007101128.0
006 a|||||r|||| 00| 0
007 ta
008 221006b |||||||| |||| 00| 0 eng d
024 _a5,884
037 _cTextual
040 _aLCO
_cLCO
_beng
041 _2eng
_aeng
082 _aZ2,58wt, L2
100 _aMAHESHWARI S R
245 0 _aGovernment through Consulation.
260 _aNew
_bDelhi I. I. P .A.
_c1972
300 _a380
650 _aCONSULATION
_9702628
942 _hZ2,58wt, L2
_cTEXL
999 _c1175447
_d1175447